The five-tool player : Become the total package that pro and college baseball scouts want
Contents: A complete baseball player; Hitting for average; Hitting for power; Defense; Arm strength; Speed...
Gespeichert in:
| 1. Verfasser: | |
|---|---|
| Format: | Buch |
| Sprache: | Undetermined |
| Veröffentlicht: |
New York
McGraw-Hill
2007
|
| Schlagworte: | |
| Tags: |
Tag hinzufügen
Keine Tags, Fügen Sie den ersten Tag hinzu!
|
| Thư viện lưu trữ: | Trung tâm Học liệu Trường Đại học Cần Thơ |
|---|
| LEADER | 00744nam a2200229Ia 4500 | ||
|---|---|---|---|
| 001 | CTU_187035 | ||
| 008 | 210402s9999 xx 000 0 und d | ||
| 082 | |a 796.357023 | ||
| 082 | |b G617 | ||
| 100 | |a Gola, Mark | ||
| 245 | 4 | |a The five-tool player : | |
| 245 | 0 | |b Become the total package that pro and college baseball scouts want | |
| 245 | 0 | |c Mark Gola | |
| 260 | |a New York | ||
| 260 | |b McGraw-Hill | ||
| 260 | |c 2007 | ||
| 520 | |a Contents: A complete baseball player; Hitting for average; Hitting for power; Defense; Arm strength; Speed... | ||
| 650 | |a Baseball,Bóng chày | ||
| 650 | |x Scouting,Tìm hiểu | ||
| 650 | |z United States,Mỹ | ||
| 904 | |i Giang | ||
| 980 | |a Trung tâm Học liệu Trường Đại học Cần Thơ | ||